National railway companies in Europe - Statistiques

Statistiques générales
  • Ce quiz a été pris 15 fois
  • Le résultat moyen est 7 sur 38
Réponses sur la Carte
Les réponses sont colorées sur une échelle allant du rouge au vert en fonction du pourcentage des utilisateurs qui les ont devinées à leur premier essai. Vous pouvez retrouver ces pourcentages ci-dessous.
 
Statistiques - réponses
Hint Réponse % Correct
France SNCF
93%
Germany DB
60%
Spain Renfe
53%
Belgium SNCB NMBS
53%
Austria ÖBB
47%
Italy Trenitalia
47%
Sweden SJ
40%
Luxembourg CFL
33%
Denmark DSB
33%
Hungary MÁV
27%
Netherlands NS
27%
Poland PKP
27%
Finland VR
27%
Portugal CP
20%
United Kingdom National Rail
20%
Czechia ČD
13%
Croatia
13%
Norway NSB
13%
Switzerland SBB CFF FFS
13%
Bulgaria BDŽ
7%
Moldova CFM
7%
Estonia EVR
7%
Ireland Iarnród Éireann
7%
Latvia LDz
7%
Lithuania LTG
7%
North Macedonia
7%
Russia RZD
7%
Slovenia
7%
Serbia ŽS
7%
Slovakia ŽSSK
7%
Belarus BCh
0%
Romania CFR
0%
Albania HSH
0%
Greece OSE
0%
Kosovo Trainkos
0%
Ukraine UZ
0%
Bosnia and Herzegovina ŽFBH
0%
Montenegro ŽPCG
0%
Aucun quiz correspondant
Distribution des résultats
% des personnes avec chaque résultat
Percentile par nombre de réponses
Votre historique - résultats
Vous n’avez pas pris ce quiz